000 00205 a2200097 4500
001 32645
100 _aAhmad, N
245 _aThe Alexander memoirs
260 _aLondon
_bCassell
_c
090 _c21858
_d21858
942 _aNUST-CAE
_cM
_c13178
999 _c267718
_d267718